BIBLIOTHÈQUE DE LA MAISON DU MEXIQUE

Logo 1 Logo 2

Juan Sarabia (notice nᵒ 10284)

détails MARC
000 -Sello discográfico
campo de control de longitud fija 00974nam a2200289 4500
005 - Identificación de versión
campo de control 20251017062819.0
035 ## - Otros números de control del sistema
Número de control del sistema 9078
099 ## - fechas locales
Tipo de ítem Koha LIBRO
100 ## - Datos de procesamiento general
Datos de procesamiento general 20031222d1965 m y1spay5003 ba
105 ## - Campo de datos codificados: Material textual, monográfico
Datos codificados de monografía y 001zy
200 1# - Título y mención de responsabilidad
Título propio Juan Sarabia
Designación general del material texto impreso
Otra información del título apóstol y mártir de la Revolución Mexicana
Primer mención de responsabilidad Eugenio Martínez Núñez
210 ## - Publicación, distribución, etc.
Lugar de publicación, distribución, etc. México
Nombre del editor, distribuidor, etc. Talleres Gráficos de la Nación
Fecha de publicación, distribución, etc. 1965
215 ## - Descripción física
Designación de material específico y extensión del ítem 251 p
Dimensiones 23 cm
345 ## - Nota de información de adquisición
Fuente de adquisición/dirección de la suscripción [OBSOLETO] Donación
410 #1 - Series
Título Biblioteca del Instituto Nacional de Estudios Históricos de la Revolución Mexicana
Número de volumen 38
600 ## - Nombre personal usado como materia
Elemento de entrada Sarabia Díaz de León
Parte del nombre distinta del elemento de entrada Juan
Fechas 1882-1920
Número Koha 16818
607 ## - Nombre geográfico utilizado como tema
Elemento de entrada México
Subdivisión temática Historia
Subdivisión cronológica Revolución, 1910-1920
Número Koha 372
660 ## - Código de área geográfica
Código MX
700 ## - Nombre personal - Responsabilidad primaria
Elemento de entrada Martínez Núñez
Parte del nombre distinta del elemento de entrada Eugenio
Fechas 1893-1932
Número Koha 16807
801 #0 - Fuente de origen
Agencia cm
900 ## -
-- 1/5643
900 ## -
-- 7100317405\221203
942 ## - ELEMENTOS DE ENTRADA SECUNDARIOS (KOHA)
Tipo de ítem Koha Livre
996 ## -
-- MEX
-- 751145101
-- MMAG
-- 010903
-- 920 S243MA
-- 20240812LIV
Exemplaires
Estatus retirado Estado de daño Estado de pérdida Fecha de adquisición Biblioteca de origen Biblioteca actual Ubicación en estantería Código de barras Precio de reemplazo Signatura topográfica completa No para préstamo Tipo de ítem Koha Nota pública Nota no pública
      05/08/2025 Casa México Paris Casa México Paris   010903 05/08/2025 920 S243MA   Livre 20240812LIV 751145101